00790nam a2200229Ia 450000500170000000800410001702000220005804000190008004100120009908200160011124500770012726000410020430000250024544000540027050400400032465000210036470000280038585000100041394200070042399900160043095201140044620221107153541.0131103s9999 xx 000 0 und d a195633032cRs.300 aLoreto College aEnglish a954.02bSUB aMoney and the market in India 1100 - 1700cedited by Sanjay Subrahmanyam aDelhibOxford University Pressc1994 aviii,316 p.b tables aOxford In India Readings Themes In Indian History aIncludes bibliographical references aMedieval History aSubrahmanyam,Sanjay,ed. aLCLIB cBK c9563d60042 00102ddc4070aMAINbMAINd2013-11-04l3o954.02 SUB 38427pB9441r2022-09-09s2022-08-31w2013-11-04yBKf